Search the Library Catalogue
| 000 -LEADER | |
|---|---|
| fixed length control field | 00475nam a2200193 a 4500 |
| 001 - CONTROL NUMBER | |
| control field | 1754828150065 |
| 003 - CONTROL NUMBER IDENTIFIER | |
| control field | ACL |
| 005 - DATE AND TIME OF LATEST TRANSACTION | |
| control field | 20250810174736.0 |
| 008 - FIXED-LENGTH DATA ELEMENTS--GENERAL INFORMATION | |
| fixed length control field | 250810s1994##################000#0#eng## |
| 020 ## - INTERNATIONAL STANDARD BOOK NUMBER | |
| International Standard Book Number | 9780349104997 |
| 082 04 - DEWEY DECIMAL CLASSIFICATION NUMBER | |
| Classification number | 959.00421 |
| Item number | ALL |
| 040 ## - CATALOGING SOURCE | |
| Original cataloging agency | ACL |
| Language of cataloging | eng |
| Transcribing agency | ACL |
| 100 1# - MAIN ENTRY--PERSONAL NAME | |
| Personal name | Allen, Charles, |
| Relator term | author. |
| 245 10 - TITLE STATEMENT | |
| Title | Tales from the South China Seas : |
| 260 ## - PUBLICATION, DISTRIBUTION, ETC. | |
| Name of publisher, distributor, etc. | Little Brown, |
| Date of publication, distribution, etc. | 1994. |
| 300 ## - PHYSICAL DESCRIPTION | |
| Extent | 319 pages |
| 650 #0 - SUBJECT ADDED ENTRY--TOPICAL TERM | |
| Topical term or geographic name entry element | British. |
| 942 ## - ADDED ENTRY ELEMENTS (KOHA) | |
| Koha item type | English Books |
| Withdrawn status | Lost status | Damaged status | Not for loan | Home library | Current library | Shelving location | Date acquired | Total Checkouts | Total Renewals | Full call number | Barcode | Date last seen | Date last checked out | Price effective from | Koha item type |
|---|---|---|---|---|---|---|---|---|---|---|---|---|---|---|---|
| Anna Centenary Library | Anna Centenary Library | 7TH FLOOR, B WING | 10.08.2025 | 1 | 1 | 959.00421 ALL | 507164 | 04.04.2026 | 28.02.2026 | 10.08.2025 | English Books |